|
|
|
|
| LEADER |
03347nam a22003973i 4500 |
| 001 |
EBC6955883 |
| 003 |
MiAaPQ |
| 005 |
20231204023223.0 |
| 006 |
m o d | |
| 007 |
cr cnu|||||||| |
| 008 |
231204s2015 xx o ||||0 ger d |
| 020 |
|
|
|a 9783839412220
|q (electronic bk.)
|
| 020 |
|
|
|z 9783837612226
|
| 035 |
|
|
|a (MiAaPQ)EBC6955883
|
| 035 |
|
|
|a (Au-PeEL)EBL6955883
|
| 035 |
|
|
|a (OCoLC)1049909959
|
| 040 |
|
|
|a MiAaPQ
|b eng
|e rda
|e pn
|c MiAaPQ
|d MiAaPQ
|
| 100 |
1 |
|
|a Mohr, Irka-Christin.
|
| 245 |
1 |
0 |
|a Islamunterricht - Islamischer Religionsunterricht - Islamkunde :
|b Viele Titel - ein Fach?
|
| 250 |
|
|
|a 1st ed.
|
| 264 |
|
1 |
|a Bielefeld :
|b transcript,
|c 2015.
|
| 264 |
|
4 |
|c ©2015.
|
| 300 |
|
|
|a 1 online resource (241 pages)
|
| 336 |
|
|
|a text
|b txt
|2 rdacontent
|
| 337 |
|
|
|a computer
|b c
|2 rdamedia
|
| 338 |
|
|
|a online resource
|b cr
|2 rdacarrier
|
| 490 |
1 |
|
|a Globaler lokaler Islam
|
| 505 |
0 |
|
|a Cover Islamunterricht - Islamischer Religionsunterricht - Islamkunde -- Inhalt -- Vorwort -- EINLEITUNG -- Eine Gebrauchsanleitung für Leserinnen und Leser -- Islamische Religionspädagogik und -didaktik - Offene Fragen zu den Gegenständen einer neuen wissenschaftlichen Fachrichtung -- DIE LEHRPLÄNE -- Islamische Quellen in staatlichen Lehrplänen für den Islamunterricht: Auswahlkriterien, Präsentation und Kontext -- Zur Konstruktion von Unterrichtsgegenständen und Bildungszielen. Das Beispiel der niedersächsischen Rahmenrichtlinien für den Schulversuch „Islamischer Religionsunterricht" -- Lehrpläne für den islamischen und für den alevitischen Religionsunterricht: Ein Feld für die Aushandlung von Sunna, Schia und Alevitentum -- DIE UNTERRICHTSPRAXIS -- Islamkunde in Nordrhein-Westfalen und der Schulversuch islamischer Religionsunterricht in Baden-Württemberg im Vergleich - Einblicke in die Rahmenbedingungen und in die Praxis der Unterrichtsmodelle -- Notizen aus der didaktischen Diskussion des islamischen Religionsunterrichts in Niedersachsen -- Eine Didaktik für den islamischen Religionsunterricht in Berlin. Ergebnisse aus Unterrichtsbesuchen und Gesprächen mit Lehrerinnen und Lehrern -- DIE VORAUSSETZUNGEN FÜR EINEN ISLAMISCHEN RELIGIONSUNTERRICHT -- Auf die Inhalte kommt es an! „Erlaubtes" und „Nichterlaubtes" im staatlichen Religionsunterricht nach Artikel 7 GG -- Zur Diskussion der Mündigkeit als Zielkategorie der öffentlichen Schule und des islamischen Religionsunterrichts -- SCHLUSS -- Islamwissenschaftliche Thesen zum islamischen Religionsunterricht -- Unterrichtsforschung in der Islamwissenschaft zwischen Beobachtung und Intervention -- Literatur -- Autorinnen und Autoren.
|
| 588 |
|
|
|a Description based on publisher supplied metadata and other sources.
|
| 590 |
|
|
|a Electronic reproduction. Ann Arbor, Michigan : ProQuest Ebook Central, 2023. Available via World Wide Web. Access may be limited to ProQuest Ebook Central affiliated libraries.
|
| 655 |
|
4 |
|a Electronic books.
|
| 700 |
1 |
|
|a Kiefer, Michael.
|
| 776 |
0 |
8 |
|i Print version:
|a Mohr, Irka-Christin
|t Islamunterricht - Islamischer Religionsunterricht - Islamkunde
|d Bielefeld : transcript,c2015
|z 9783837612226
|
| 797 |
2 |
|
|a ProQuest (Firm)
|
| 830 |
|
0 |
|a Globaler lokaler Islam
|
| 856 |
4 |
0 |
|u https://ebookcentral.proquest.com/lib/matrademy/detail.action?docID=6955883
|z Click to View
|